[Event "Montilla-Moriles"]
[Site "Montilla"]
[Date "1972.08.25"]
[Round "2"]
[White "Medina Garcia, Antonio Angel"]
[Black "Kurajica, Bojan"]
[Result "1-0"]
[WhiteElo "2420"]
[BlackElo "2490"]
[Annotator "Toran"]
[PlyCount "77"]
[EventDate "1972.08.24"]
[EventType "tourn"]
[EventRounds "9"]
[EventCountry "ESP"]
[EventCategory "8"]
[SourceTitle "EXT 2021"]
[Source "ChessBase"]
[SourceDate "2020.10.23"]
[SourceVersion "1"]
[SourceVersionDate "2020.10.23"]
[SourceQuality "1"]

1. e4 c5 2. Nc3 ({La variante cerrada, línea por la que Medina siente especial
predilección. La alternativa principal es} 2. Nf3 {, para seguir con 3.d4, que
conduce a posiciones abiertas.}) 2... Nc6 3. g3 g6 4. Bg2 Rb8 ({La
continuación normal es} 4... Bg7 {, pero dado el carácter cerrado de la
posición, precipitar la puesta en marcha del contrajuego temático sobre el
flanco de Dama no tiene mayores inconvenientes. En la vairante cerrada las
blancas obtienen buenas posibilidades de ataque sobre el enroque; de ahí que
Kurajica ensaye la nueva idea de acelerar la reacción característica de las
negras sobre el otro flanco.}) 5. d3 Bg7 6. Be3 b5 7. Qd2 ({Inferior sería} 7.
Bxc5 {a causa de} b4 {, toda vez que no valdría} 8. Na4 {--para proteger el
peón b2-- debido a} Qa5 $1) 7... b4 8. Nd1 d6 9. f4 {[Idea popularizada por el
ex campeón mundial Spassky y con la cual las blancas pueden desarrollar su
caballo del flanco rey a f3, sin obstruir el agresivo avance del peón de la
columna f. Después de Cf3 esta pieza es mucho más eficaz en las maniobras de
ataque típicas contra el enroque enemigo.]} e6 10. Nf3 Nge7 11. O-O O-O 12. g4
$1 {[Con decisión, Medina inicia inmediatamente el ataque sobre el enroque,
preparando la ruptura con Peón f5, que las negras impiden en su próxima jugada.
]} f5 13. gxf5 exf5 14. a3 $1 {[Con esta ruptura, Medina busca un nuevo punto
de fricción en el ala de Dama, con la finalidad de abrir la columna "a" y, con
ello, incrementar su presión. ]} fxe4 15. dxe4 Na5 ({No servía} 15... bxa3 16.
Rxa3 Bxb2 17. Nxb2 Rxb2 {, porque después de} 18. Rd3 $1 {las negras, además
de haber perdido al mejor defensor de su enroque (el Alfil del flanco rey) se
encontrarían ante las cada vez más fuertes amenazas 19.Txd6 y 19.Axc5.}) 16.
axb4 $1 {[Medina permite el cambio de su Alfil del flanco dama para proseguir
su acción sobre este sector. ]} Nc4 17. Qd3 Nxe3 18. Nxe3 Rxb4 19. Rxa7 c4 20.
Qa3 $1 {[Ataca la Torre y amenaza seguir con 21.c3, consolidando el Peón de
ventaja, lo que provoca la reacción de las negras. ]} Nc6 21. Rxg7+ $1 {
[Fortísimo sacrificio de calidad, con el cual se elimina al mejor defensor del
enroque; el ataque blanco se tornará rápidamente muy violento. De cualquier
forma, esta entrega de material tiene un aspecto curioso, porque en realidad
las piezas blancas no parecen estar bien sitadas para iniciar un asalto al
enroque; de ahí la profundidad del sacrificio iniciado por Medina, que supo
ver las posibilidades que le brindaba el debilitado estado del enroque negro. ]
} Kxg7 22. Qc3+ Kg8 ({Naturalmente, no servía} 22... Qf6 {por} 23. e5 $1 {
, fuerte réplica con la que se forzaría la apertura de la columna Alfil Rey
para el ataque.}) ({En cuanto a} 22... Rf6 {sería refutada mediante} 23. Nd5 {
, recuperando la calidad con ventaja abrumadora.}) 23. Nd5 $1 Ra4 {[Para
mantener protegido el Peón "c". ]} 24. b3 $1 {[Especulando con la clavada del
Peón "c" protector del Caballo negro. Medina puede así intensificiar la
presión y obtener un segundo Peón, con lo que la calidad queda suficientemente
compensada, a la vez que continúa el fuerte ataque sobre el enroque. ]} Ra5 25.
Qxc4 Rc5 {[Prácticamente forzada ante la doble amenaza 26.Dxc6 y 27.Ce7+ ]} 26.
Qd3 Qa5 27. Ng5 {[Paulatinamente las piezas blancas van irrumpiendo en el
campo enemigo, tomando casillas vitales; por ejemplo, ahora las negras deben
rechazar este Caballo, aún a costa de crear nuevas debilidades en su enroque. ]
} h6 28. b4 $1 {[Bella jugada basada en el tema combinativo de la desviación.
Con su doble ataque a la Dama y la Torre las negras tienen que capturar el
Peón, de este modo el Caballo dejará indefensa la casilla e7, por la que
penetrará con fuerza decisiva el Caballo enemigo. ]} Nxb4 29. Ne7+ Kg7 30. Qd4+
Re5 ({Único modo de mantener la resistencia. Después de} 30... Rf6 {seguiría}
31. Ng8 $1 Kxg8 32. Qxf6 {, y no valdría} hxg5 {a causa de} 33. Qxg6+ Kh8 ({Si
} 33... Kf8 34. fxg5+ {y gana rápidamente.}) 34. fxg5 Qd8 {--ante Tf8#--} 35.
Rf7 {y las negras quedarían indefensas ante la mortal amenaza Dh7, toda vez
que si} Qg8 36. Qh6+ {decidiría.}) 31. fxe5 Rxf1+ 32. Bxf1 dxe5 ({Naturalmente,
si} 32... hxg5 33. exd6+ {, seguido de 34.Cxc8 ganaría fácilmente.}) 33. Qd6 $1
hxg5 34. Nxc8 ({También se ganaría con} 34. Qxe5+ Kf8 35. Qf6+ $1 Ke8 36. Nxc8
{, puesto que si} Qc5+ 37. Kh1 Qxc8 {, sería decisiva} 38. Bb5+ {. Pero Medina,
apurado de reloj, escoge la línea más cómoda que le deja un final sencillo con
pieza de ventaja.}) 34... Nxc2 {[Especulando con los apuros de tiempo de su
rival, ante la jugada 40 en la que está fijado el control. De cualquier modo
la abrumadora ventaja de las blancas permite a Medina rematar la lucha sin
dificultades. ]} 35. Qe7+ Kh6 36. Qf8+ Kh7 ({Si} 36... Kh5 37. Nd6 {gana.}) 37.
Ne7 Qa7+ 38. Kh1 Qa2 39. Nd5 (39. Nd5 {y las negras abandonaron ante la mortal
amenaza 40.Cf6+. Una interesante partida de ataque posicional, con sutiles
maniobras combinativas en su remate.}) 1-0

[Event "Cappelle op 28th"]
[Site "Cappelle la Grande"]
[Date "2012.03.03"]
[Round "1"]
[White "Rzayev, Bahruz Iqbal Oglu"]
[Black "Zakhartsov, Viacheslav V"]
[Result "1/2-1/2"]
[WhiteElo "2360"]
[BlackElo "2563"]
[Annotator "Zakhartsov,Vi"]
[PlyCount "93"]
[EventDate "2012.03.03"]
[EventType "swiss"]
[EventRounds "9"]
[EventCountry "FRA"]
[SourceTitle "CBM 147"]
[Source "ChessBase"]
[SourceDate "2012.03.16"]
[SourceVersion "1"]
[SourceVersionDate "2012.03.16"]
[SourceQuality "1"]

1. e4 c5 2. Nc3 d6 3. g3 Nc6 4. Bg2 g6 5. d3 Bg7 6. Nh3 e5 7. O-O Nge7 8. f4
Nd4 9. Nf2 {A rare continuation.} ({The most frequent here is} 9. f5 gxf5 10.
Qh5 h6 11. Rf2 Be6 12. Be3 Ng8 $1 13. Bxd4 Nf6 14. Qe2 cxd4 15. exf5 Bd7 {
with double-edged play.}) 9... Rb8 10. Be3 Be6 11. Ne2 {An interesting,
although rather dubious pawn sac.} ({But anyway Black is fine after, for
instance} 11. Nd5 Bxd5 12. exd5 Ndf5 13. Bc1 exf4) 11... Nxe2+ 12. Qxe2 exf4
13. Bxf4 Bxb2 14. e5 d5 {The first dubious decision. Now the black bishop is
cutted off from the kingside.} ({The best would be} 14... Bxa1 15. exd6 Bd4 16.
dxe7 Kxe7 $1) 15. Rab1 Bd4 16. Kh1 Qc7 $2 {Miscalculation.} ({Necessary was to
take control over g4 by} 16... Qd7 17. Nd1 c4 18. dxc4 dxc4) ({or} 16... h5)
17. Ng4 h5 (17... Bxg4 18. Qxg4 Bxe5 19. Bxe5 Qxe5 20. Qa4+ {(this check I had
overlooked)} Kf8 21. Qd7 Nf5 22. Bh3 Qe6 23. Bxf5 gxf5 24. Rxb7 Rxb7 25. Qxb7 {
with White's initiative.}) (17... O-O 18. Nf6+ Kg7) 18. Nf6+ Kf8 19. Qe1 c4 20.
c3 Bb6 21. d4 Qc6 22. h3 Kg7 23. Bg5 Bd8 24. Kg1 b5 25. g4 hxg4 26. hxg4 Ng8 {
Otherwise White would play Kf2, Rh1, and mate is coming soon.} 27. Qe3 a5 $6 (
27... Nxf6 28. exf6+ Kf8 {and the king runs to d7.}) 28. Nh5+ Kf8 (28... gxh5
$2 29. Bxd8 hxg4 (29... Rxd8 $2 30. Qg5+) 30. Qg5+ Kf8 31. Bxa5) (28... Kh7 29.
Bxd8 Rxd8) 29. Bxd8 Rxd8 30. Qg5 Ke8 $4 (30... Ne7 {(I have not even
considered this move)} 31. Qf6 Rg8 32. Nf4 Ke8 {and Black holds.}) 31. Ng7+ Kd7
32. a4 $6 (32. Nxe6 {would win easily:} fxe6 33. Rf7+ Kc8 34. Ra7 a4 35. Ra5)
32... b4 33. Nxe6 (33. cxb4 Qb6 34. Qd2 Rb8) 33... fxe6 34. Rf7+ Kc8 35. cxb4
Qb6 36. Qd2 Nh6 37. Rff1 Nxg4 38. bxa5 Qa7 39. Qf4 Nh6 40. Rb6 Nf5 41. Qd2 Rd7
$2 (41... Qh7 {have forced a draw:} 42. Rxf5 (42. Qb2 $2 Qh2+ 43. Kf2 Qh4+)
42... gxf5 43. Qb2 Qh2+ 44. Kf1 Qf4+ {with perpetual.}) 42. Rfb1 Rc7 43. Qb4
Kd7 44. Rd6+ {We both were sure that this is the natural move and repeating of
moves is the logical outcome, whereas the computer find an amazing win:} (44.
Bxd5 $1 exd5 45. e6+ Kd8 46. e7+ Kd7 (46... Ke8 47. Rb8+ Kd7 (47... Kf7 48.
Rf8+ Kg7 49. e8=N+ {!} Kh7 50. Rxh8+ Kxh8 51. Qf8+ Kh7 52. Nf6#) 48. e8=Q+ Rxe8
49. Qb5+ Kd6 50. Rb6+ $18) 47. Re1 $1 Re8 48. Qb5+ $18) 44... Kc8 (44... Nxd6 {
loses to} 45. Qxd6+ Kc8 46. Qxe6+ Rd7 47. Qc6+ Rc7 (47... Kd8 48. Qf6+ $18) 48.
Bh3+) 45. Rb6 Kd7 46. Rd6+ (46. Bxd5 $1) 46... Kc8 47. Rb6 1/2-1/2